Journal of Nursing Science & Practice (Record no. 1889)

MARC details
000 -LEADER
Fixed length control field 00484nas a22001937a 4500
003 - CONTROL NUMBER IDENTIFIER
Control field IIN
005 - DATE AND TIME OF LATEST TRANSACTION
Control field 20251211143323.0
008 - FIXED-LENGTH DATA ELEMENTS--GENERAL INFORMATION
Fixed length control field 251211c2011 |||tr|p |||| 00| 0 eng d
022 ## - INTERNATIONAL STANDARD SERIAL NUMBER / ISSN
International Standard Serial Number 2348-957x
022 ## - INTERNATIONAL STANDARD SERIAL NUMBER / ISSN
International Standard Serial Number 2249-4758 (eISSN)
040 ## - CATALOGING SOURCE
Original cataloging agency IIN
245 ## - TITLE STATEMENT
Title Journal of Nursing Science & Practice
Statement of responsibility edited by Seema Yadav
260 ## - IMPRINT
Place of publication Noida
Name of publisher STM Journals
Date of publication 2011
300 ## - PHYSICAL DESCRIPTION
Page / Vol. No vol. 1 no. 1
310 ## - CURRENT PUBLICATION FREQUENCY
Current publication frequency Tri-annual
650 ## - SUBJECT ADDED ENTRY--TOPICAL TERM
Topical term Nursing
856 ## - ELECTRONIC LOCATION AND ACCESS
Uniform Resource Identifier 10.37591/JoNSP
942 ## - ADDED ENTRY ELEMENTS (KOHA)
Koha item type Serials

No items available.

© Ideal Institute Of Nursing, All rights reserved.         Powered by Koha